| 000 | 00531 a2200205 4500 | ||
|---|---|---|---|
| 005 | 20260401122510.0 | ||
| 008 | 260401b |||||||| |||| 00| 0 eng d | ||
| 020 |
_a9789390812691 _cRs. 2495.00 |
||
| 040 | _aMAIN | ||
| 082 |
_a331.89 _bA85I |
||
| 100 | _aAhuja, Shagun | ||
| 245 | _aIndustrial relations and industrial disputes | ||
| 260 |
_bNation Press _a2023 _cNew Delhi |
||
| 300 | _a416 | ||
| 650 | _aEconomics | ||
| 650 | _aLabor Economics | ||
| 650 | _aIndustrial Relations | ||
| 700 | _aAmit Rawat | ||
| 942 | _cBK | ||
| 999 |
_c396869 _d396869 |
||